000 00373cam a2200145ua 4500
041 _aeng
_h
082 _a928321
_bSMI/LI
100 _aSmithers, Peter .
245 _aLife of Joseph Addison /
_cPeter Smithers.
_hTextual Documents
260 _aLondon :
_bOxford at the Clarendon Press ,
_c1954.
300 _a491 ; .
504 _a
942 _cBK
999 _c6139
_d6139